| 000 | 00463nam a2200181Ia 4500 | ||
|---|---|---|---|
| 003 | GCL | ||
| 008 | 140319s9999 xx 000 0 eng d | ||
| 040 |
_aGCL / _cGCL |
||
| 082 | 0 | 4 |
_a512.502 _bF L |
| 100 | 1 | _aL HILLIPS,C | |
| 245 | 1 | 0 |
_aPARALLEL NUMERICAL ALGOSITHMS / _cL HILLIPS,C |
| 700 | 1 | _aFREEMAN, T L | |
| 260 |
_a[S.N] : _bPRENTICE HALL ، _c1992 |
||
| 300 | _a315 | ||
| 650 | 0 | 4 | _aCOMPUTER ALGORITHMS |
| 650 | 0 | 4 | _aLARAUEL COMPUTER |
| 942 |
_2ddc _cBK |
||
| 999 |
_c12624 _d12624 |
||